00348nam a2200133Ia 4500008004100000020001500041041001200056082001600068100001800084245004800102260003800150300000800188650001800196221030s9999 xx 000 0 und d a0071135618 aEnglish a105.23bSta aW. J. Stanton 0aFundamentals Of Marketingcby W. J. Stanton bMcGraw-Hill Pub.aNew Delhic1994 a697 aBE Management